LEADER 01315nam a2200301 i 4500 001 000000340548 003 CaOOAMICUS 005 20210806111949.0 008 200611s2020 it u000 u ita u 013 $a235038 020 $a978-88-7016-691-0 040 $aSeMil$bita 041 1 $aita$alat 100 1 $aBayer, Oswald.$0(OLS)http://semarc/name/49184 240 10$aMartin Luthers Theologie.$0(OLS)http://semarc/title/429576 245 13$aLa teologia di Martin Lutero :$buna teologia per il nostro tempo /$cOswald Bayer ; edizione italiana a cura di Franco Ronchi. 264 1$aTorino :$bClaudiana,$c2019. 300 $a483 p. ;$c22 cm 490 1 $aLutero: Opere scelte 650 4$aLutero, Martin <1483-1546> - Pensiero teologico.$0(OLS)http://semarc/subject/10689 700 1 $aRonchi, Franco.$0(OLS)http://semarc/name/944 830 0$aLutero: Opere scelte.$0(OLS)http://semarc/title/565 850 $aSeMil 852 $aSeMil$W1$xVenegono$y1$m2BA F 2$j227731$B231628$CSeMilBibl$Z2$F231628 $81 996 $6020$a978-88-7016-691-0$9(OLS)http://semarc/number/290482 996 $6245$aLa teologia di Martin Lutero :$buna teologia per il nostro tempo$9(OLS)http://semarc/title/429575 996 $6264$aTorino :$bClaudiana$9(OLS)http://semarc/publisher/29837 LEADER 00866nam a2200193 i 4500 001 000000226111 003 CaOOAMICUS 005 20140107000000.0 008 140107s1741 it u000 u fre u 013 $a205013 026 $aamnt vele vehe quni (3) 1741 (R) 040 $aSeMil$bita 245 10$aQ-Z. 300 $a[2], 804 p. 500 $aFront. stampato in rosso e nero con vignetta calcografica. - Segn. : pigreco1 A-4T4 4V-5X2. 773 0 $aBayle, Pierre <1647-1706>$tDictionnaire historique et critique, par Mr. Pierre Bayle. Tome 1. [-4.].$bSixième édition, revue, corrigée, et augmentée. Avec la vie de l'auteur, par Mr. Des Maizeaux$dA Basle : Chez Jean Louis Brandmuller, 1741.$g4$w()29324 850 $aSeMil 852 $aSeMil$W1$xVenegono$y1$m2Q VI 16 FA$j176457$B176457$CSeMilBibl$Z2$F186984 $8I 996 $6245$aQ-Z$9(OLS)http://semarc/title/121066